000
00300 a2200145 4500
001
187319
020
_a
85-305-0463-1
040
_c
Magnum
100
_a
Cunha, Leo
240
1
0
_a
Lápis encantado
_l
por
245
1
0
_a
Lápis encantado
300
_a
31
697
_a
LITERATURA INFANTO
942
_c
BK
999
_c
187319
_d
187319